02436cam a22002898i 4500001001300000003000600013005001700019008004100036010001700077020001800094035002200112040005000134041000800184042000800192050002100200100003400221245012400255260004300379300004100422504006700463520142600530650002701956700003401983942000802017952010602025999001502131on1455532891OCoLC20250411081617.0240517t20252025maua b 001 0 eng  a 2024023049 a9780262049634 a(OCoLC)1455532891 aDLCbengerdacDLCdOCLCOdYDXdBDXdTOHdPAU aeng apcc00aQL751b.K26 2025 aKamath, Ambikaeauthor92515310aFeminism in the wildb: how human biases shape our understanding of animal behaviorc/ Ambika Kamath and Melina Packer. aCambridge, MA :bThe MIT Press,c2025. a194 pages :billustrations ;c23 cm. aIncludes bibliographical references (pages 173-188) and index. aIn Feminism in the Wild, Ambika Kamath and Melina Packer reveal how scientists studying animal behavior have long projected human norms and values onto animals while seeking to understand them. When scientific studies conclude that these norms and values are natural in animals, it makes it easier to think of them as natural in humans too. And because scientists, historically and to this day, largely belong to elite, powerful segments of society, the norms and values embedded in animal behavior science match those of the already powerful. How can animal behavior science escape this trap of naturalizing dominant culture? Drawing from decades of feminist, antiracist, queer, disability justice, and Marxist contributions—including those of biologists—Kamath and Packer break down persistent assumptions in the status quo of animal behavior science and offer a multitude of alternative approaches. Core concepts in animal behavior science and evolutionary biology—from sex categories and sexual selection to fitness, adaptation, biological determinism, and more—are carefully contextualized and critically reexamined. This unique collaboration between an animal behavior scientist and a feminist science studies scholar is an illuminating and hopeful read for anyone who is curious about how animals behave, and anyone who wants to break free from scientific approaches that perpetuate systems of oppression. 0aAnimal behavior910659 aPacker, Melinaeauthor925154 2lcc 00102lcc4070aTBSbTBSd2025-04-11l1oQL751 KAMpB05887r2025-06-02s2025-04-11t1w2025-04-11y1 c4640d4640